Líquido amniótico / (Registro nro. 2201)

Detalles MARC
000 -LEADER
fixed length control field 01263nam a2200325 a 4500
005 - FECHA ULTIMA MODIFICACION
control field 20240507121510.0
008 - CAMPO DE CONTROL (LIBRO)
fixed length control field 141203t1993||||ag a f |||| 001 0 spa d
020 ## - INTERNATIONAL STANDARD BOOK NUMBER
ISBN 9509124133
041 ## - CODIGO DE IDIOMA
Código de idioma del texto/pista de sonido o título separado spa
092 ## - SIGNATURA TOPOGRAFICA DEWEY LOCAL
número de clasificación 618.3
libristica 48
sección LIQ
245 ## - TITULO PROPIAMENTE DICHO
Título Líquido amniótico /
Mención de responsabilidad y remanente de la transcripción de la portada Nelson J. Argeri
250 ## - MENCION DE EDICION
Mención de edición 1a ed.
260 ## - PIE DE IMPRENTA
Lugar de publicación, distribución, etc Buenos Aires:
Nombre de la editorial, distribuidor, etc Ascune;
Fecha de publicación 1993.
300 ## - DESCRIPCION FISICA
Extension 320 p.
Otros detalles físicos Il.
500 ## - NOTA GENERAL
Nota general Argeri, N. J. et al. (1993). Líquido amniótico. (1a ed.). Buenos Aires : Ascune.
653 ## - TÉRMINO INDIZADO - PALABRAS CLAVES
Palabra clave Introducción al estudio del líquido amniótico
653 ## - TÉRMINO INDIZADO - PALABRAS CLAVES
Palabra clave Embriogénesis y morfología del amnios
653 ## - TÉRMINO INDIZADO - PALABRAS CLAVES
Palabra clave Fisiología del líquido amniótico
653 ## - TÉRMINO INDIZADO - PALABRAS CLAVES
Palabra clave Amniocentesis
653 ## - TÉRMINO INDIZADO - PALABRAS CLAVES
Palabra clave Análisis del líquido amniótico en el diagnóstico de la madurez fetal
653 ## - TÉRMINO INDIZADO - PALABRAS CLAVES
Palabra clave Evaluación de la madurez pulmonar fetal a través del examen de los fosfolípidos del líquido amniótico
653 ## - TÉRMINO INDIZADO - PALABRAS CLAVES
Palabra clave Enfermedad hemolítica perinatal
653 ## - TÉRMINO INDIZADO - PALABRAS CLAVES
Palabra clave Laboratorio en el análisis amniótico
653 ## - TÉRMINO INDIZADO - PALABRAS CLAVES
Palabra clave Diagnóstico prenatal de la anomalías genéticas del feto
700 1# - ENTRADAS SECUNDARIAS - NOMBRE PERSONAL
Nombre personal Argeri, Nelson Jorge
9 (RLIN) 3781
700 1# - ENTRADAS SECUNDARIAS - NOMBRE PERSONAL
Nombre personal Uranga Imaz, Francisco
9 (RLIN) 3782
700 1# - ENTRADAS SECUNDARIAS - NOMBRE PERSONAL
Nombre personal Margulies, Miguel
9 (RLIN) 3783
700 1# - ENTRADAS SECUNDARIAS - NOMBRE PERSONAL
Nombre personal Darbón Grosso, Héctor A.
9 (RLIN) 3784
942 ## - ADDED ENTRY ELEMENTS (KOHA)
Source of classification or shelving scheme Dewey Decimal Classification
Item type Libros
Existencias
Estado de retiro Existencia Fuente de clasificación Estado general No para prestamo Ubicación permanente ubicación actual Sala de ubicación Fecha de adquisición Fuente de adquisición Total Checkouts Número de clasificación Código de barras Date last seen Número de ejemplar Price effective from Koha tipo de elemento (item) Public note
    Dewey Decimal Classification     Biblioteca Medicina Biblioteca Medicina Circulación 21/09/2015 Donación Jaime Novodvoretz, Septiembre 2015   618.3 77 LIQ 3533 21/09/2015 Ej.1 21/09/2015 Libros Donación Jaime Novodvoretz, Septiembre 2015

UNIVERSIDAD NACIONAL DEL COMAHUE
Biblioteca de la Facultad de Ciencias Médicas
Sede Toschi: Los Arrayanes y Av. Toschi, Cipolletti  - Rio Negro
Sede Los Tordos:  Yrigoyen al 2211, Cipolletti - Rio Negro 

Teléfono: 0299 - 4774707 int 25
Contacto: biblioteca@facimed.uncoma.edu.ar
© 2011 - 2026